[Event "KUW-ch"]
[Site "Kuwait City"]
[Date "2024.02.01"]
[Round "9"]
[White "Hashem, Khaled"]
[Black "Eidi, Eisa FAA"]
[Result "1/2-1/2"]
[WhiteElo "1868"]
[BlackElo "1306"]
[PlyCount "132"]
[EventDate "2024.01.22"]
[EventType "swiss"]
[EventRounds "9"]
[EventCountry "KUW"]
[SourceTitle "CB07_2024"]
[SourceDate "2024.02.14"]
[SourceVersion "1"]
[SourceVersionDate "2024.02.14"]
[SourceQuality "1"]

1. Nf3 Nf6 2. g3 b6 3. Bg2 Bb7 4. 0-0 e6 5. c4 c5 6. e3 Be7 7. d4 0-0 8. Nc3 d6 9. b3 Nbd7 10. Bb2 Re8 11. Qc2 a6 12. Rfd1 Qc7 13. Rac1 Rac8 14. Qb1 Bf8 15. a3 e5 16. d5 h6 17. e4 Qb8 18. Qd3 Be7 19. Nh4 g6 20. Bh3 Rcd8 21. Ng2 Bc8 22. f4 h5 23. Ne3 Nf8 24. Bxc8 Qxc8 25. Qe2 N8h7 26. Rf1 Rf8 27. Qf3 Qd7 28. a4 Qh3 29. Qg2 Qd7 30. Rc2 Ng4 31. Nxg4 Qxg4 32. h3 Qd7 33. f5 g5 34. Qf3 Nf6 35. Qe3 Nh7 36. f6 Bxf6 37. Rxf6 Nxf6 38. Qxg5+ Kh7 39. Qxf6 Qxh3 40. Bc1 Qg4 41. Qh6+ Kg8 42. Qg5+ Qxg5 43. Bxg5 Rd7 44. Rf2 Kh7 45. Bf6 Kg6 46. Nd1 b5 47. axb5 axb5 48. Ne3 bxc4 49. bxc4 Rb8 50. Bh4 Rdb7 51. Rf6+ Kg7 52. Nf5+ Kg8 53. Rxd6 Rb1+ 54. Kf2 R1b2+ 55. Kf3 R8b3+ 56. Ne3 Rc2 57. Bg5 Rxc4 58. Rh6 Rcc3 59. Rd6 c4 60. Rc6 Rd3 61. Rxc4 f6 62. Rc8+ Kh7 63. Ke2 fxg5 64. Rc7+ Kg8 65. Nf5 Rdc3 66. Rxc3 Rxc3 1/2-1/2